000 00461nam a2200181Ia 4500
005 20250317131115.0
008 008 250317s9999 xx 000 0 eng d
037 _aTextbook
040 _aFMSL
_beng
_cFMSL
041 _aeng
_2eng
084 _qFMSL
100 _aKerr C
_9126411
245 0 _aWork in America: The decade ahead
260 _aVNR
_bVNR, Co.
_c1979
300 _a315p
942 _cTB
999 _c1266698
_d1266698